La Segunda Guerra Mundial. Una historia de las víctimas

Saved in:
Bibliografiske detaljer
Hovedforfatter: Bourke, Joanna (autora)
Format: Ukendt
Udgivet: Barcelona, España: Ediciones Paidós Ibérica, S.A., 2002.
Serier:Paidós Historia Contemporánea ;
Fag:
Tags: Tilføj Tag
Ingen Tags, Vær først til at tagge denne postø!

MARC

LEADER 00000 a2200000 4500
003 CL-VaPUC
005 20241211114120.0
008 241129t2002 ||||| |||| 00| 0 spa d
999 |c 445782  |d 445780 
020 |a 84-493-1265-5 
040 |c Pontificia Universidad Católica de Valparaíso 
082 7 |a 940.5318 BOU 2002  |2 22 
100 |a Bourke, Joanna  |9 893955  |e autora 
245 1 3 |a La Segunda Guerra Mundial.  |b Una historia de las víctimas 
260 |a Barcelona, España:  |b Ediciones Paidós Ibérica, S.A.,   |c 2002. 
300 |a 223 páginas :  |b ilustraciones.  
490 |a Paidós Historia Contemporánea ;  |n  001 
583 |k GC  |c 20241129 
650 |a Segunda Guerra Mundial   |x Víctimas  |v Testimonios orales  |z Asia, África, Europa y Unión Soviética   |9 894286 
650 |a Segunda Guerra Mundial   |x Holocausto y genocidio  |y 1939-1945  |9 894287 
942 |2 ddc  |c BK 
952 |0 0  |1 0  |2 ddc  |4 0  |6 940_531800000000000_BOU_2002  |7 0  |8 A  |9 598330  |a BIBHIS  |b BIBHIS  |d 2024-11-28  |e 59  |g 58878.00  |i 5663473  |o 940.5318 BOU 2002  |p 5663473  |r 2025-01-20  |t 1  |v 58878.00  |w 2024-11-28  |y BK  |k HIS 
952 |0 0  |1 0  |2 ddc  |4 0  |6 940_531800000000000_BOU_2002  |7 0  |8 A  |9 598431  |a BIBHIS  |b BIBHIS  |d 2024-12-03  |e 1  |g 39231.00  |i 5663478  |o 940.5318 BOU 2002  |p 5663478  |r 2025-01-20  |t 2  |v 39231.00  |w 2024-12-03  |y BK  |k HIS